| 000 | 01027cam a22002174a 4500 | ||
|---|---|---|---|
| 005 | 20250605164058.0 | ||
| 008 | 250528s ||||||||||||||||||||||||d | ||
| 035 | _a17544 | ||
| 020 | _a713135832 | ||
| 040 |
_aGR-AtMCL _bgre _dGR-AtMCL _eAACR2 |
||
| 245 | 1 | _aControl Applications of Microcomputers | |
| 250 | _a1st | ||
| 260 | _c1988 | ||
| 300 | _a168 | ||
| 520 | _aA short introduction to the control applications of microcomputers, aimed at readers with little or no previous knowledge of the subject. Preface, The Microprocessor, Number Systems, General Interfacing Techniques, Output Signals, Input Signals, Stepper Motors, D.C. Motor with Revolution Counter, Digital to Analogue Converters, Logical Operators, Handshake, Miscellaneous Projects, 6502 Assembly Language, Control Using Assembly Languages, Robot Arms, Appendices, Memory Maps, ASCII Codes, Solutions to Exercises, Index. | ||
| 700 | 1 |
_aEdward Arnold _9242 |
|
| 700 | 1 |
_aMitchell Peter _93692 |
|
| 942 | _cBK | ||
| 999 |
_c2951 _d2951 |
||